Central Library OPAC University of Rajshahi

A history of Palestine from 135 A.D. to modern times./ (Record no. 69141)

MARC details
000 -LEADER
fixed length control field 00823cam a22002771 4500
001 - CONTROL NUMBER
control field 69141
003 - CONTROL NUMBER IDENTIFIER
rucl marc code BD-RjUL
005 - DATE AND TIME OF LATEST TRANSACTION
control field 20211209081843.0
008 - FIXED-LENGTH DATA ELEMENTS--GENERAL INFORMATION
fixed length control field 760430s1949 enkb b 001 0 eng
035 ## - SYSTEM CONTROL NUMBER
System control number (BD-RjUL)69352
System control number (OCoLC)2149820
040 ## - CATALOGING SOURCE
Original cataloging agency DLC
Transcribing agency MSohG
Modifying agency DLC
Language of cataloging eng
041 ## - LANGUAGE CODE
Language code of text/sound track or separate title eng
042 ## - AUTHENTICATION CODE
Authentication code premarc
082 ## - DEWEY DECIMAL CLASSIFICATION NUMBER
Edition number 23
Classification number 956.94
Author mark and year PAH 1949
100 1# - MAIN ENTRY--PERSONAL NAME
Personal name Parkes, James,
Dates associated with a name 1896-1981.
9 (RLIN) 228565
245 02 - TITLE STATEMENT
Title A history of Palestine from 135 A.D. to modern times./
Statement of responsibility, etc. James Parkes,
260 ## - PUBLICATION, DISTRIBUTION, ETC. (IMPRINT)
Place of publication, distribution, etc. London :
Name of publisher, distributor, etc. Victor Gollancz,
Date of publication, distribution, etc. 1949.
300 ## - PHYSICAL DESCRIPTION
Pagination 391 p. :
Illustrations ill. maps.;
Size 23 cm.
504 ## - BIBLIOGRAPHY, ETC. NOTE
Bibliography, etc "Bibliographies": p. 364-375.
651 #0 - SUBJECT ADDED ENTRY--GEOGRAPHIC NAME
Geographic name Palestine
General subdivision History.
9 (RLIN) 228566
906 ## - LOCAL DATA ELEMENT F, LDF (RLIN)
a 7
b cbc
c oclcrpl
d u
e ncip
f 19
g y-gencatlg
942 ## - ADDED ENTRY ELEMENTS (KOHA)
Source of classification or shelving scheme Dewey Decimal Classification
Koha item type Books
Holdings
Lost status Source of classification or shelving scheme Damaged status Not for loan Collection code Permanent Location Current Location Shelving location Date acquired Total Checkouts Full call number Date last seen Copy number Koha item type
  Dewey Decimal Classification   Not For Loan Non-fiction Central Library, University of Rajshahi Central Library, University of Rajshahi Reading Room 25/02/2019   956.94 PAH 1949 25/02/2019 C-1 Books